RRIM: Seventy years in rubber research (Record no. 67377)
[ view plain ]
| 000 -LEADER | |
|---|---|
| fixed length control field | 00299nam a2200121Ia 4500 |
| 100 ## - MAIN ENTRY--AUTHOR NAME | |
| Personal name | Kadir Abdul Aziz S A |
| 245 #0 - TITLE STATEMENT | |
| Title | RRIM: Seventy years in rubber research |
| 260 ## - PUBLICATION, DISTRIBUTION, ETC. (IMPRINT) | |
| Name of publisher | Rubber Asia |
| Year of publication | 1995 |
| 300 ## - PHYSICAL DESCRIPTION | |
| Number of Pages | 75-78 |
| 700 ## - ADDED ENTRY--PERSONAL NAME | |
| Personal name | Kaw H W |
| 942 ## - ADDED ENTRY ELEMENTS (KOHA) | |
| Koha item type | Journals |
| Withdrawn status | Lost status | Damaged status | Not for loan | Home library | Current library | Shelving location | Date acquired | Serial Enumeration / chronology | Koha item type |
|---|---|---|---|---|---|---|---|---|---|
| Journals | RRII Library | RRII Library | Rubber general | 17/12/2021 | Volume 9, Issue 4 | Journals |